000 00442nam a2200157Ia 4500
008 120925t1987 xxu||||| |||| 00| 0 sin d
041 _asin
080 _a8 S (3 - 053. 2) (41) (Youth)
_bMAL
245 _aනරිනයිදෙගෙ කතන්දරය
246 _aNarinaidege Kathandaraya
260 _aS. Godage
_aColombo
_c1987
300 _b77p, 21 cm
942 _cBK
999 _c42884
_d42884
003 LK-CoDNM
040 _aLK-CoDNM
_dLK-CoDNM
_eLK-CoDNM